Lo que todo supervisor debe saber

Saved in:
Bibliografiske detaljer
Hovedforfatter: Bittel, Lester R (Author)
Format: Bog
Sprog:spansk
Udgivet: Ciudad de México McGraw-Hill 1975
Fag:
Tags: Tilføj Tag
Ingen Tags, Vær først til at tagge denne postø!

MARC

LEADER 00000nam a2200000 a 4500
001 UCW4589
003 CL-VaPUC
008 900604e19750000MX |||||||||||||||||spa|d
082 0 4 |a 658.302  |b BIT  |2 21 
100 0 |a Bittel, Lester R  |e author  |9 309345 
245 1 3 |a Lo que todo supervisor debe saber 
300 |a 488 p 
942 |c BK 
945 |d 19900604 00:00:00 
260 |a Ciudad de México  |b McGraw-Hill  |c 1975 
650 7 |a SUPERVISION DE PERSONAL ENSEÑANZA  |2 CL-VaPUC  |9 309346 
650 7 |a SUPERVISORES INDUSTRIALES  |2 CL-VaPUC  |9 309347 
583 |a last modification  |c 19900604 00:00:00  |k Rodrigo Vera 
999 |c 218269  |d 218267 
952 |0 0  |1 0  |4 0  |6 658_302000000000000_BIT_1975  |7 0  |8 P  |9 207481  |a BIBEDU  |b BIBEDU  |c BIBEDU_PB  |d 2019-11-15  |i 2753154  |o 658.302 BIT 1975  |p 2753154  |r 2024-01-25  |w 2019-11-15  |y BK  |k EDU